00235nam a22000977a 4500020001800000082001800018100001700036245002600053260004400079300001400123 a9781668052273 a973.934 WOO/W aWoodward,Bob aWar/cby Bob Woodward a. -New Yorkb: Simon & Schusterc, 2024 a435 pages